ბათუმის შოთა რუსთაველის სახელმწიფო უნივერსიტეტის ბიბლიოთეკა

Law:Book1.Book2.Book3 (ბიბ.ჩანაწერი № 49253)

000 -LEADER
fixed length control field 00628nam a2200253Ia 4500
001 - CONTROL NUMBER
control field 16167
003 - CONTROL NUMBER IDENTIFIER
control field GE_BSU
008 - FIXED-LENGTH DATA ELEMENTS--GENERAL INFORMATION
fixed length control field 181216s||||||||xx |||||||||||||| ||und||
020 ## - INTERNATIONAL STANDARD BOOK NUMBER
International Standard Book Number 9780857778161
040 ## - CATALOGING SOURCE
Transcribing agency GE_BSU
080 ## - UNIVERSAL DECIMAL CLASSIFICATION NUMBER
Universal Decimal Classification number 811.111+338
100 ## - MAIN ENTRY--PERSONAL NAME
Personal name Evans,Virginia. Dooley,Jenny. Smith,David J.O.
245 ## - TITLE STATEMENT
Title Law:Book1.Book2.Book3
245 ## - TITLE STATEMENT
Remainder of title Audio +CDs
260 ## - PUBLICATION, DISTRIBUTION, ETC.
Place of publication, distribution, etc. Newbury
260 ## - PUBLICATION, DISTRIBUTION, ETC.
Name of publisher, distributor, etc. Express Publishing
260 ## - PUBLICATION, DISTRIBUTION, ETC.
Date of publication, distribution, etc. 2011
300 ## - PHYSICAL DESCRIPTION
Extent 127p.ill.30cm.
653 ## - INDEX TERM--UNCONTROLLED
Uncontrolled term Business
653 ## - INDEX TERM--UNCONTROLLED
Uncontrolled term ბიზნესი
653 ## - INDEX TERM--UNCONTROLLED
Uncontrolled term ინგლისური ენა
942 ## - ADDED ENTRY ELEMENTS (KOHA)
Koha item type წიგნი
ეგზემპლარები
Withdrawn status Lost status Damaged status Not for loan Date acquired Barcode Date last seen Price effective from Koha item type
        2018-12-17 40431 2018-12-17 2018-12-17 წიგნი